[Event "TUR-chT 2nd League"]
[Site "Denizli"]
[Date "2023.07.10"]
[Round "2.126"]
[White "Akhan, Muhammed Taha"]
[Black "Pehlivan, Mert"]
[Result "1-0"]
[WhiteElo "1289"]
[BlackElo "1709"]
[PlyCount "50"]
[EventDate "2023.07.09"]
[EventType "team-swiss"]
[EventRounds "9"]
[EventCountry "TUR"]
[SourceTitle "CBM 215 Extra"]
[Source "ChessBase"]
[SourceDate "2023.09.30"]
[SourceVersion "1"]
[SourceVersionDate "2023.09.30"]
[SourceQuality "1"]
[WhiteTeam "Bitlis Ihtisas Egitim"]
[BlackTeam "Duzce AS"]
[WhiteTeamCountry "TUR"]
[BlackTeamCountry "TUR"]

1. c4 e5 2. Nc3 Nf6 3. g3 Bb4 4. Bg2 0-0 5. e3 c6 6. Nge2 d5 7. cxd5 cxd5 8. d4 Nc6 9. 0-0 Be6 10. a3 Bxc3 11. Nxc3 exd4 12. exd4 Qb6 13. Be3 Na5 14. b4 Nc4 15. Bg5 Rfd8 16. Na4 Qc6 17. Bxf6 gxf6 18. Rc1 Rac8 19. Nc5 Qc7 20. Nxe6 fxe6 21. Qg4+ Kf7 22. Rfe1 Re8 23. Rc3 Kf8 24. Qh5 f5 25. g4 Qg7 1-0

[Event "TUR-chT 2nd League"]
[Site "Denizli"]
[Date "2023.07.10"]
[Round "3.106"]
[White "Dirikolu, Deniz"]
[Black "Akhan, Muhammed Taha"]
[Result "1-0"]
[WhiteElo "1933"]
[BlackElo "1289"]
[PlyCount "113"]
[EventDate "2023.07.09"]
[EventType "team-swiss"]
[EventRounds "9"]
[EventCountry "TUR"]
[SourceTitle "CBM 215 Extra"]
[Source "ChessBase"]
[SourceDate "2023.09.30"]
[SourceVersion "1"]
[SourceVersionDate "2023.09.30"]
[SourceQuality "1"]
[WhiteTeam "Altinkale Kultur"]
[BlackTeam "Bitlis Ihtisas Egitim"]
[WhiteTeamCountry "TUR"]
[BlackTeamCountry "TUR"]

1. e4 d6 2. d4 Nf6 3. Nc3 e5 4. Nf3 Nbd7 5. Bc4 h6 6. h3 Be7 7. 0-0 c6 8. a4 Qc7 9. Re1 Nf8 10. Be3 g5 11. Nd2 Ng6 12. Nf1 Nf4 13. Ng3 h5 14. Qd2 h4 15. Nf5 N6h5 16. Rad1 Bxf5 17. exf5 d5 18. Bf1 e4 19. f3 exf3 20. Bxf4 gxf4 21. gxf3 0-0-0 22. Ne2 Rhg8+ 23. Kh2 Rg5 24. b4 Rdg8 25. b5 Ng3 26. Nxg3 fxg3+ 27. Kg2 Rxf5 28. bxc6 bxc6 29. Ba6+ Kd7 30. Rb1 Rb8 31. Qe2 Bg5 32. c4 Qf4 33. Bc8+ Kxc8 34. Qe8+ Bd8 35. Qxc6+ Qc7 36. Rxb8+ Kxb8 37. Rb1+ Kc8 38. Qa8+ Kd7 39. Rb7 dxc4 40. d5 Rf6 41. Qxa7 Rd6 42. Rxc7+ Bxc7 43. Qd4 Rb6 44. a5 Rb1 45. Qf6 Rd1 46. Qxf7+ Kc8 47. Qe8+ Kb7 48. Qc6+ Kc8 49. Qxc4 Rd2+ 50. Kf1 g2+ 51. Kg1 Kd7 52. Qg4+ Ke8 53. Qc8+ Bd8 54. a6 Ra2 55. d6 Rd2 56. Qe6+ Kf8 57. Qh6+ 1-0

[Event "TUR-chT 2nd League"]
[Site "Konya"]
[Date "2022.08.27"]
[Round "8.12"]
[White "Akhan, Muhammed Taha"]
[Black "Ekinci, Berkay"]
[Result "0-1"]
[WhiteElo "1205"]
[BlackElo "1960"]
[PlyCount "122"]
[EventDate "2022.08.22"]
[EventType "team-swiss"]
[EventRounds "9"]
[EventCountry "TUR"]
[SourceTitle "CBM 210 Extra"]
[Source "ChessBase"]
[SourceDate "2022.11.30"]
[SourceVersion "1"]
[SourceVersionDate "2022.11.30"]
[SourceQuality "1"]
[WhiteTeam "Bitlis Ihtisas Egitim"]
[BlackTeam "Istanbul Sisli"]
[WhiteTeamCountry "TUR"]
[BlackTeamCountry "TUR"]

1. c4 e6 2. g3 d5 3. cxd5 exd5 4. d4 Nf6 5. Bg2 c6 6. Nf3 Bd6 7. Nc3 0-0 8. Qc2 h6 9. 0-0 Re8 10. Re1 Na6 11. a3 Bg4 12. h3 Bxf3 13. Bxf3 Qb6 14. e3 Qc7 15. b3 Bxg3 16. Bb2 Bd6 17. Rac1 Qd7 18. Bg2 Nc7 19. e4 dxe4 20. Nxe4 Nxe4 21. Rxe4 Nd5 22. Rxe8+ Rxe8 23. Bxd5 cxd5 24. Qd3 Qe6 25. a4 Qf6 26. Kf1 Qf4 27. Re1 Rc8 28. Re3 a6 29. Bc3 Qg5 30. Bd2 Qh5 31. Rf3 g6 32. Qe3 Kg7 33. Kg2 Qh4 34. Qd3 Rc7 35. Re3 Bf4 36. Re2 Qg5+ 37. Kf1 Bxd2 38. Rxd2 Qf4 39. Kg2 Rc1 40. Rd1 Qg5+ 41. Kf1 Rc6 42. Re1 Rf6 43. Qe3 Qf5 44. Kg2 h5 45. Re2 h4 46. b4 Kh7 47. f3 Re6 48. Qd2 Rxe2+ 49. Qxe2 Qg5+ 50. Kf1 Qg3 51. Qg2 Qxg2+ 52. Kxg2 Kg7 53. Kf2 Kf6 54. f4 Kf5 55. Kf3 b5 56. a5 f6 57. Ke3 g5 58. fxg5 fxg5 59. Kf3 g4+ 60. hxg4+ Kg5 61. Kg2 Kxg4 0-1

[Event "TUR-chT 2nd League"]
[Site "Konya"]
[Date "2022.08.25"]
[Round "5.14"]
[White "Vural, Burak"]
[Black "Akhan, Muhammed Taha"]
[Result "1-0"]
[WhiteElo "1534"]
[BlackElo "1205"]
[PlyCount "61"]
[EventDate "2022.08.22"]
[EventType "team-swiss"]
[EventRounds "9"]
[EventCountry "TUR"]
[SourceTitle "CBM 210 Extra"]
[Source "ChessBase"]
[SourceDate "2022.11.30"]
[SourceVersion "1"]
[SourceVersionDate "2022.11.30"]
[SourceQuality "1"]
[WhiteTeam "Hayat"]
[BlackTeam "Bitlis Ihtisas Egitim"]
[WhiteTeamCountry "TUR"]
[BlackTeamCountry "TUR"]

1. e4 e5 2. Nf3 Nc6 3. Bb5 a6 4. Ba4 Nf6 5. d3 b5 6. Bb3 d6 7. Ng5 d5 8. exd5 Nxd5 9. Nxf7 Kxf7 10. Qf3+ Ke6 11. Nc3 Nce7 12. 0-0 Bb7 13. Ne4 Kd7 14. Nc5+ Kc8 15. Nxb7 Kxb7 16. c4 c6 17. cxd5 Nxd5 18. a4 Qd7 19. axb5 axb5 20. Rxa8 Kxa8 21. Be3 Nxe3 22. Qxe3 Qd4 23. Qf3 Qd6 24. Rc1 Kb7 25. Rxc6 Qb8 26. Qd5 Bc5 27. Qd7+ Ka8 28. Ra6+ Qa7 29. Rxa7+ Bxa7 30. Bd5+ Kb8 31. Qb7# 1-0